UBT Library

The collector's encyclopedia of Heisey glass, 1925-1938 / (Record no. 45063)

000 -LEADER
fixed length control field 00612cam a2200229 a 4500
001 - CONTROL NUMBER
control field 1000618
005 - DATE AND TIME OF LATEST TRANSACTION
control field 20180314104502.0
008 - FIXED-LENGTH DATA ELEMENTS--GENERAL INFORMATION
fixed length control field 861217s1986 kyua c 001 0 eng
010 ## - LIBRARY OF CONGRESS CONTROL NUMBER
LC control number 86233125
020 ## - INTERNATIONAL STANDARD BOOK NUMBER
International Standard Book Number 0891453075
040 ## - CATALOGING SOURCE
Original cataloging agency DLC
Transcribing agency DLC
Modifying agency DLC
041 ## - LANGUAGE CODE
Language code of text/sound track or separate title eng
043 ## - GEOGRAPHIC AREA CODE
Geographic area code n-us-oh
080 ## - UNIVERSAL DECIMAL CLASSIFICATION NUMBER
Universal Decimal Classification number 748.2917154 nel
082 00 - DEWEY DECIMAL CLASSIFICATION NUMBER
Classification number 748.2917154 nel
Edition number 19
100 1# - Rafti
Rafti 45
101 ## - Shkurtesa
Shkurtesa art
245 14 - TITLE STATEMENT
Title The collector's encyclopedia of Heisey glass, 1925-1938 /
Statement of responsibility, etc Neila Bredehoft.
740 0# - ADDED ENTRY--UNCONTROLLED RELATED/ANALYTICAL TITLE
Uncontrolled related/analytical title Heisey glass, 1925-1938.
906 ## - LOCAL DATA ELEMENT F, LDF (RLIN)
a 7
b cbc
c orignew
d 2
e ncip
f 19
g y-gencatlg
942 ## - ADDED ENTRY ELEMENTS (KOHA)
Source of classification or shelving scheme
Item type Books
Holdings
Withdrawn status Lost status Source of classification or shelving scheme Damaged status Not for loan Collection code Permanent location Current location Shelving location Date acquired Total Checkouts Full call number Barcode Date last seen Price effective from Koha item type
          Koleksioni i përgjithshem UBT - Lipjan UBT - Lipjan Koleksioni i përgjithshem 03/14/2018   748.2917154 nel 002-3001962 03/14/2018 03/14/2018 Books
UBT Library © 2015-2024. All rights reserved University Education for Business and Technology